000 00591nam a22001817a 4500
003 OSt
005 20180116183104.0
008 170727b xxu||||| |||| 00| 0 eng d
020 _a9781107651647
040 _c0
082 _a620.00681 SWA 2016
100 _aPaul SwamiDass
245 _aEngineering Entrepreneurship from idea to Business plan
_bA Guide for innovative engineers and scientists
_cPaul SwamiDass
260 _aNew York
_bCambridge University Press
_c2016
300 _a241p.
_bpb
440 _aEngineering Entrepreneurship from idea to Business plan
942 _2ddc
_cBK
999 _c351993
_d351993